Macau A-Z - Statistics

General Stats
  • This quiz has been taken 25 times
  • The average score is 8 of 26
Answer Stats
Description Answer % Correct
Country ruling Macau before 1999 Portugal
80%
City connected to Macau with a sea-crossing bridge Hong Kong
75%
Country where Portuguese is also an official language Brazil
65%
Country who didn’t spot or invade Macau Japan
65%
What most ADULTS tourists come to Macau to do: gamble
60%
Macau’s nearest country : ( not counting China ) Taiwan
55%
The month of Macau S.A.R.’s establishment day December
50%
What Taipa and Coloane are: islands
50%
Type of flower on its flag: lotus
45%
Northern city of Macau Zhuhai
40%
Macau is an _____ area. (Relating to countries and cities) urban
35%
Macau’s major company that provides Internet (short form) CTM
30%
Tallest man-made thing Macau Tower
30%
The first industry that Macau have: _____ industry fishing
25%
Many households with children pay for this person to serve them. nanny
20%
One of Macau’s famous hotels in Cotai:Macau ________ Venetian
20%
Many citizens don’t have a ____ at the back of their house. yard
20%
Many families have this pet: kitten
15%
Macau has the problem of ______ population. ageing
10%
One of Macau’s three main bridges :_____ ______ bridge Sai Van
10%
An adjective to describe Macau.(economy) wealthy
10%
Macau is an _______ to receive goods from other countries and transport them to China. entrepot
5%
A city that is also in the Guangdong Province Qingyuan
5%
Famous landmark: Ruins of St. Paul's
5%
Currently 98% of Macao's water supply comes from the _____ River Xijiang
5%
The quality of this is poor . oxygen
0%
No matching quizzes found
Score Distribution
Percent of People with Each Score
Percentile by Number Answered
Your Score History
You have not taken this quiz